000 00298nam a22001337a 4500
008 170407b xxu||||| |||| 00| 0 eng d
020 _a9781555811716
041 _aeng
080 _22ND
_a616
100 _a9
101 _aSHM
245 _aBACTERIAL PATHOGENESIS
_cSALYERS, A.A
942 _2udc
_cBK
999 _c10254
_d10254